00322nam a2200121Ia 4500008004100000040001800041041001200059082001700071100001300088245007900101260000900180300001100189230917s9999||||xx |||||||||||||| ||und|| e5002298aMAIN aEnglish a823.09 K144C aKarambir 0aChronicling contemporary India: A study of selected works of Gurcharan Das c2109 a192 p.